Normal view
MARC view
- Brot, Carles
Entry Personal Name
001 - CONTROL NUMBER
- control field: 120949
003 - CONTROL NUMBER IDENTIFIER
- control field: NUST
005 - DATE AND TIME OF LATEST TRANSACTION
- control field: 20240221095439.0
008 - FIXED-LENGTH DATA ELEMENTS
- fixed length control field: 240221|| aca||aabn | a|a d
040 ## - CATALOGING SOURCE
- Original cataloging agency: NUST
- Transcribing agency: NUST
100 ## - HEADING--PERSONAL NAME
- Personal name: Brot, Carles
670 ## - SOURCE DATA FOUND
- Source citation: Work cat.: (NUST): Brot, Carles, The use of color in architecture/, 2016.
